000 00811nam a2200253 a 4500
001 BRCA_5038
005 20190320204920.0
008 810403s1892####fr-a######---#000-0#fre-#
041 _afre
044 _afr
050 4 _aNC1325
_b.A44 1892
100 1 _aAlexandre, Arsene
_912866
245 1 0 _aL´Art du Rire et de la Caricature
_cpar Arsene Alexandre.
260 _aParís
_bAncienne Maison Quantin
_c[1892]
300 _a350 p.
_bil. (algunas a color), 59 láminas
_c28 cm.
500 _a300 facsímiles en blanco y negro y 12 láminas a color de acuerdo con los originales
500 _aCon ex-libris de: Gustave Maunoir
500 _aEstado físico: Libro deteriorado
500 _aDD21
650 1 4 _aCaricaturas
_912867
650 1 4 _aHumorismo gráfico
_912868
902 _aGFM
942 _2lcc
_cB
999 _c4732
_d4732